000
00354 a2200169 4500
001
183625
020
_a
85-08-07496-4
040
_c
Magnum
100
_a
Rey, Marcos
240
1
0
_a
Enigma na televisão
_l
por
245
1
0
_a
Enigma na televisão
300
_a
128
362
0
_a
2000
440
1
_a
Ática
697
_a
LITERATURA JUVENIL
942
_c
BK
999
_c
183625
_d
183625